No rules for Rex! / (Record no. 4593)

MARC details
000 -LEADER
fixed length control field 01084cam a2200361 a 4500
001 - CONTROL NUMBER
control field 4593
003 - CONTROL NUMBER IDENTIFIER
control field FISKH
005 - DATE AND TIME OF LATEST TRANSACTION
control field 20240917143143.0
008 - FIXED-LENGTH DATA ELEMENTS--GENERAL INFORMATION
fixed length control field 040720s2005 nyua b 000 1 eng
010 ## - LIBRARY OF CONGRESS CONTROL NUMBER
LC control number 2004016958
020 ## - INTERNATIONAL STANDARD BOOK NUMBER
International Standard Book Number 1575651467 (pbk. : alk. paper)
020 ## - INTERNATIONAL STANDARD BOOK NUMBER
International Standard Book Number 9781575651460
040 ## - CATALOGING SOURCE
Original cataloging agency DLC
Transcribing agency DLC
Modifying agency DLC
Language of cataloging eng
050 ## - LIBRARY OF CONGRESS CALL NUMBER
Classification number PZ7.A3217
082 ## - DEWEY DECIMAL CLASSIFICATION NUMBER
Classification number 790
100 1# - MAIN ENTRY--PERSONAL NAME
Personal name Alberto, Daisy.
245 10 - TITLE STATEMENT
Title No rules for Rex! /
Statement of responsibility, etc. by Daisy Alberto ; illustrated by Jerry Smath.
260 ## - PUBLICATION, DISTRIBUTION, ETC.
Place of publication, distribution, etc. New York :
Name of publisher, distributor, etc. Kane Press,
Date of publication, distribution, etc. 2005.
300 ## - PHYSICAL DESCRIPTION
Extent 32 pages :
Other physical details color illustrations ;
Dimensions 23 cm
440 #0 - SERIES STATEMENT/ADDED ENTRY--TITLE
Title Social studies connects
500 ## - GENERAL NOTE
General note "Civics/rules & laws."
505 ## - FORMATTED CONTENTS NOTE
Formatted contents note N<br/>
520 ## - SUMMARY, ETC.
Summary, etc. Rex convinces his family to try a whole weekend without rules.
521 ## - TARGET AUDIENCE NOTE
Target audience note 560<br/>
Source Lexile AD <br/>
521 ## - TARGET AUDIENCE NOTE
Target audience note N<br/>
Source Raz-Plus<br/><br/>
650 #1 - SUBJECT ADDED ENTRY--TOPICAL TERM
Topical term or geographic name entry element Behavior
Form subdivision Fiction.
650 #1 - SUBJECT ADDED ENTRY--TOPICAL TERM
Topical term or geographic name entry element Rules
Form subdivision Fiction.
650 #1 - SUBJECT ADDED ENTRY--TOPICAL TERM
Topical term or geographic name entry element Family life
Form subdivision Fiction.
700 1# - ADDED ENTRY--PERSONAL NAME
Personal name Smath, Jerry,
Relator term illustrator
906 ## - LOCAL DATA ELEMENT F, LDF (RLIN)
a 7
b cbc
c orignew
d 1
e ecip
f 20
g y-gencatlg
942 ## - ADDED ENTRY ELEMENTS (KOHA)
Source of classification or shelving scheme Dewey Decimal Classification
Koha item type Books
Suppress in OPAC No
Holdings
Withdrawn status Lost status Source of classification or shelving scheme Damaged status Not for loan Collection Home library Current library Shelving location Date acquired Total Checkouts Full call number Barcode Date last seen Price effective from Koha item type
    Dewey Decimal Classification     Juvenile Fiction Footprints International School Library Network Toul Kork Campus Footprints International School Library Network Toul Kork Campus TK Primary Library Room(4th Floor), Bookcase 3&4, Shelves 17-32, Yellow Books 09/17/2024   ALB 790 PZ7.A3217 FISTK01000 09/17/2024 09/17/2024 Books